Os 10 maiores canais do Youtube Brasileiro - Statistics

Estatísticas Gerais
  • Esse quiz foi jogado 451 vezes
  • A pontuação média é 4 de 10
Estatísticas das Respostas
Inscritos Canal % Correto
44,5 Mi Felipe Neto
95%
38 Mi LUCCAS NETO
71%
66 Mi KondZilla
62%
43,9 Mi whindersonnunes
57%
43,5 Mi Você Sabia?
49%
29,6 Mi rezendeevil
39%
31,2 Mi Galinha Pintadinha
27%
37,8 Mi GR6 EXPLODE
19%
33,8 Mi Maria Clara & JP
18%
25,6 Mi Renato Garcia
14%
Nenhum quiz correspondente encontrado
Distribuição das Pontuações
Porcentagem de Pessoas com Cada Pontuação
Percentil de Números Respondidos
Sua Pontuação Histórica
Você não jogou esse quiz